Normal view MARC view

Entry Nombre personal

Number of records used in: 1

001 - NÚMERO DE CONTROL

  • campo de control: 30147

003 - IDENTIFICADOR DEL NÚMERO DE CONTROL

  • campo de control: FranzMayer

005 - FECHA Y HORA DE LA ÚLTIMA TRANSACCIÓN

  • campo de control: 20260331114738.0

008 - DATOS DE LONGITUD FIJA

  • campo de control de longitud fija: 260331|| aca||aabn | a|a d

040 ## - FUENTE DE LA CATALOGACIÓN

  • Centro catalogador/agencia de origen: FranzMayer
  • Centro/agencia transcriptor: FranzMayer

100 ## - ENCABEZAMIENTO-NOMBRE DE PERSONA

  • Nombre de persona: Melanchton, Philipp
  • Fechas asociadas al nombre: (1497-1560)

670 ## - FUENTE DE DATOS ENCONTRADOS

  • Cita de la fuente: Work cat.: (FranzMayer)11109: Melanchton, Philipp (1497-1560), Chronicon carionis: Expositvm et avctvm mvltis et veteribvs et recentibvs historiis, In descriptionibvs regnorvm et gentivm antiqarum, & narrationibus rerum Ecclesiasticarum & Politicarum, Graecarum Romanarum, Germanicarum & aliarum, ab exordio Mundivsq[ue] ad Carolvm Qvintvm Imperatorem : , 1572